History of psychology : (Record no. 19)
[ view plain ]
| 000 -LEADER | |
|---|---|
| fixed length control field | 00592nam a22001817a 4500 |
| 003 - CONTROL NUMBER IDENTIFIER | |
| control field | OSt |
| 005 - DATE AND TIME OF LATEST TRANSACTION | |
| control field | 20230605033846.0 |
| 008 - FIXED-LENGTH DATA ELEMENTS--GENERAL INFORMATION | |
| fixed length control field | 230605b |||||||| |||| 00| 0 eng d |
| 020 ## - INTERNATIONAL STANDARD BOOK NUMBER | |
| International Standard Book Number | 978111186869 |
| 040 ## - CATALOGING SOURCE | |
| Original cataloging agency | DWCL Main Library |
| Transcribing agency | OC |
| 082 ## - DEWEY DECIMAL CLASSIFICATION NUMBER | |
| Edition number | International edition |
| Classification number | 150.9 |
| Item number | 1 |
| 100 ## - MAIN ENTRY--PERSONAL NAME | |
| Personal name | Kardas, Edward P. |
| 9 (RLIN) | 29 |
| 245 ## - TITLE STATEMENT | |
| Title | History of psychology : |
| Remainder of title | the making of a science / |
| Statement of responsibility, etc. | Edward P. Kardas |
| 300 ## - PHYSICAL DESCRIPTION | |
| Extent | xxi, 437 pages : |
| Other physical details | illustrations (color) ; |
| Dimensions | 21 cm. |
| 504 ## - BIBLIOGRAPHY, ETC. NOTE | |
| Bibliography, etc. note | Includes indexes, glossary and bibliographical references. |
| 650 #0 - SUBJECT ADDED ENTRY--TOPICAL TERM | |
| Topical term or geographic name entry element | Psychology. |
| 9 (RLIN) | 30 |
| 942 ## - ADDED ENTRY ELEMENTS (KOHA) | |
| Source of classification or shelving scheme | Dewey Decimal Classification |
| Koha item type | Book- Reserved |
| Suppress in OPAC | No |
| Withdrawn status | Lost status | Source of classification or shelving scheme | Damaged status | Not for loan | Home library | Current library | Date acquired | Source of acquisition | Total Checkouts | Full call number | Barcode | Date last seen | Date last checked out | Copy number | Price effective from | Koha item type |
|---|---|---|---|---|---|---|---|---|---|---|---|---|---|---|---|---|
| Dewey Decimal Classification | College Library | College Library | 06/05/2023 | Library fund | 1 | DWCL150.9 K18h | CL50229 | 06/05/2023 | 06/05/2023 | 1 | 06/05/2023 | BK-CIRC |